Name Every D1 College (Missouri) - Statistics

General Stats
  • This quiz has been taken 22 times
  • The average score is 4 of 6
Answer Stats
Hint Answer % Correct
SEC Missouri
91%
Atlantic 10 Saint Louis
91%
Missouri Valley Missouri State
77%
Ohio Valley Southeast Missouri
59%
Summit Kansas City
55%
Ohio Valley Lindenwood
41%
No matching quizzes found
Score Distribution
Percent of People with Each Score
Percentile by Number Answered
Your Score History
You have not taken this quiz